| 000 | 00675nam a2200205Ia 4500 | ||
|---|---|---|---|
| 003 | GCL | ||
| 005 | 20240530095335.0 | ||
| 008 | 140319s9999 xx 000 0 ara d | ||
| 040 |
_aGCL / _cGCL |
||
| 082 | 0 | 4 |
_a339 _bأ ا |
| 100 | 1 | _aاحمد فوزى ملوخية | |
| 245 | 1 | 0 |
_aالاقتصاد الكلى / _cاحمد فوزى ملوخية |
| 260 |
_aالقاهرة : _bمكتبة بستان المعرفة ، _c2003 |
||
| 300 |
_a470 ص ؛ _c24 سم |
||
| 650 | 0 | 4 | _aالاقتصاد الكلى |
| 650 | 0 | 4 | _aالنظم الاقتصادية |
| 650 | 0 | 4 | _aالتنمية الاقتصادية |
| 650 | 0 | 4 | _aالاقتصاد الكلى - تحليل |
| 942 |
_2ddc _cBK |
||
| 999 |
_c6315 _d6315 |
||